[Event "Balabanovo Winter Rating"]
[Site "Balabanovo"]
[Date "2012.12.16"]
[Round "7"]
[White "Galustyan, Sergey"]
[Black "Petukhov, Nikolay"]
[Result "1-0"]
[WhiteElo "1848"]
[BlackElo "1791"]
[PlyCount "39"]
[EventDate "2012.12.08"]
[EventType "tourn"]
[EventRounds "11"]
[EventCountry "RUS"]
[SourceTitle "EXT 2023"]
[Source "ChessBase"]
[SourceDate "2022.10.05"]
[SourceVersion "1"]
[SourceVersionDate "2022.10.05"]
[SourceQuality "1"]

1. d4 d5 2. Nf3 Nf6 3. g3 e6 4. Bg2 Be7 5. Qd3 h6 6. c4 c6 7. Nc3 0-0 8. 0-0 dxc4 9. Qxc4 b5 10. Qb3 Nbd7 11. Re1 Nb6 12. e4 a5 13. Bf4 Bb7 14. Rad1 a4 15. Qc2 b4 16. Ne2 c5 17. dxc5 Bxe4 18. Rxd8 Bxc2 19. Rxf8+ Rxf8 20. cxb6 1-0

[Event "Balabanovo Winter Rating"]
[Site "Balabanovo"]
[Date "2012.12.09"]
[Round "3"]
[White "Galustyan, Sergey"]
[Black "Naibov, Fizuli"]
[Result "1-0"]
[WhiteElo "1848"]
[BlackElo "1731"]
[PlyCount "147"]
[EventDate "2012.12.08"]
[EventType "tourn"]
[EventRounds "11"]
[EventCountry "RUS"]
[SourceTitle "EXT 2023"]
[Source "ChessBase"]
[SourceDate "2022.10.05"]
[SourceVersion "1"]
[SourceVersionDate "2022.10.05"]
[SourceQuality "1"]

1. d4 d5 2. Bg5 c6 3. g3 Nd7 4. Nf3 Ngf6 5. Bg2 e6 6. 0-0 Be7 7. Qd3 Bd6 8. c4 h6 9. Bxf6 Qxf6 10. Nc3 0-0 11. e4 dxc4 12. Qxc4 e5 13. d5 Nb6 14. Qb3 cxd5 15. Nxd5 Nxd5 16. Qxd5 Rd8 17. Rac1 Rb8 18. Qa5 a6 19. Qb6 Bd7 20. Rfd1 Bc6 21. Nd2 Qe7 22. a3 Bc7 23. Qe3 Bb5 24. Bf1 Bxf1 25. Nxf1 Rxd1 26. Rxd1 Qf6 27. Kg2 Bb6 28. Qf3 Qc6 29. Rd5 Bd4 30. Qb3 Kh7 31. Ne3 Bxe3 32. Qxe3 f6 33. b4 Re8 34. Qf3 Qe6 35. Qd3 Re7 36. Rd6 Qc8 37. Qd5 Qg8 38. Kf3 Qxd5 39. exd5 Kg6 40. g4 Kf7 41. Ke4 g6 42. Rb6 Rc7 43. h3 Rc4+ 44. Ke3 Rc7 45. Kd3 g5 46. b5 axb5 47. Rxb5 Kg6 48. Rb6 Kf7 49. d6 Rd7 50. Kc4 Ke6 51. Kc5 e4 52. a4 f5 53. gxf5+ Kxf5 54. Kd5 h5 55. Rb3 g4 56. hxg4+ hxg4 57. Re3 Rd8 58. a5 Rd7 59. Rc3 Rd8 60. Rc7 Ra8 61. Rf7+ Kg6 62. Rxb7 Rxa5+ 63. Kxe4 Kf6 64. Re7 Ra6 65. Rh7 Kg6 66. Rd7 Kf6 67. Kf4 Ra4+ 68. Kg3 Ke6 69. Rd8 Rd4 70. Rg8 Kxd6 71. Rd8+ Ke5 72. Rxd4 Kxd4 73. Kxg4 Ke4 74. f4 1-0